| 000 | 00620nam a22002297a 4500 | ||
|---|---|---|---|
| 005 | 20260423154455.0 | ||
| 008 | 260423b |||||||| |||| 00| 0 eng d | ||
| 020 |
_a9780750645522 _c9007.49 |
||
| 040 | _aMAIN | ||
| 041 | _aEnglish | ||
| 082 |
_a551 _bTAL |
||
| 100 |
_aTalley, Lynne D. _926717 |
||
| 245 |
_aDescriptive Physical Oceanography _b: An Introduction |
||
| 250 | _a6th | ||
| 260 |
_aLondon _bElsevier _c2011 |
||
| 300 | _a555 | ||
| 650 |
_aGeology (PM USHA) _926712 |
||
| 700 |
_aPickard, George L. _926718 |
||
| 700 |
_aEmery, William J. _926719 |
||
| 700 |
_aSwift, James H. _926720 |
||
| 942 | _cBK | ||
| 999 |
_c60713 _d60713 |
||